Umeen Deia / (Record no. 135571)

MARC details
000 -LEADER
campo de control de longitud fija 00547nam a2200193 i 4500
001 - NÚMERO DE CONTROL
campo de control 135571
003 - IDENTIFICADOR DE NÚMERO DE CONTROL
campo de control ES-MaACL
005 - FECHA Y HORA DE LA ÚLTIMA TRANSACCIÓN
campo de control 20230906194916.0
007 - CAMPO FIJO DE DESCRIPCIÓN FÍSICA--INFORMACIÓN GENERAL
campo de control de longitud fija t|
008 - DATOS DE LONGITUD FIJA--INFORMACIÓN GENERAL
campo de control de longitud fija 070719s1971 sp ||||1| spa d
080 ## - NÚMERO DE LA CLASIFICACIÓN DECIMAL UNIVERSAL
Número de la Clasificación Decimal Universal 087.5:891.69(05)(465.11 P.) Umeen.Deia
080 ## - NÚMERO DE LA CLASIFICACIÓN DECIMAL UNIVERSAL
Número de la Clasificación Decimal Universal 92 Murieta, Felipe de (O. F. M. Cap.)
100 1# - ENTRADA PRINCIPAL--NOMBRE DE PERSONA
Nombre de persona Torres, Ismael.
9 (RLIN) 110892
245 10 - MENCIÓN DEL TÍTULO
Título Umeen Deia /
Mención de responsabilidad, etc. Ismael Torres.
260 ## - PUBLICACIÓN, DISTRIBUCIÓN, ETC.
Lugar de publicación, distribución, etc. Bilbao :
Nombre del editor, distribuidor, etc. Claret,
Fecha de publicación, distribución, etc. [1971]
300 ## - DESCRIPCIÓN FÍSICA
Extensión 466 p. ;
Dimensiones 25 cm.
630 07 - PUNTO DE ACCESO ADICIONAL DE MATERIA--TÍTULO UNIFORME
Título uniforme Umeen-Deia.
9 (RLIN) 125317
852 ## - LOCALIZACIÓN
Ubicación ES-MaACL
Número de control de estantería C-41285
Sublocalización o colección R.77491
Holdings
Estatus retirado Estado de pérdida Estado de daño No para préstamo Biblioteca de origen Biblioteca actual Ubicación en estantería Fecha de adquisición Fuente de adquisición Total de préstamos Signatura topográfica completa Código de barras Visto por última vez Precio de reemplazo Tipo de ítem Koha
        Biblioteca del Ateneo de Madrid Biblioteca del Ateneo de Madrid Depósito 2 17/01/2008     C-41285 1141098 23/02/2023 23/02/2023 Libro impreso